| 000 | 01245nam0a22002411 4500 | ||
|---|---|---|---|
| 001 | rc\502932 | ||
| 005 | 20260407124309.0 | ||
| 035 | _a(NLR Aleph) 005743804 | ||
| 090 |
_a4767188 _c4767188 |
||
| 100 | _a20030616d1988 |||y0rusy50 ca | ||
| 101 | 0 | _arus | |
| 102 | _aRU | ||
| 105 | _ay ||||||||| | ||
| 200 | 1 |
_aВРЕМЕННЫЕ методические рекомендации по аттестации строительно-монтажных организаций (предприятий) _fВсесоюз. н.-и. и проект. ин-т труда в стр-ве Госстроя СССР _g[Разраб. к. э. н. Ю.Д. Борисов и др.] |
|
| 210 |
_aМ. _cВНИПИ труда в стр-ве _d1988 |
||
| 215 |
_a[1], 28 с. _d20 |
||
| 702 | 1 |
_4570 _7ca _8rus _aБорисов _bЮ. Д. _cканд. экон. наук, организация труда _gЮрий Дмитриевич _9223527 _3RU\NLR\AUTH\770223583 |
|
| 712 | 0 | 2 |
_aВсесоюзный научно-исследовательский и проектный институт труда в строительстве _3RU\NLR\AUTH\889965252 _9426749 |
| 801 | 0 |
_aRU _bNLR _gpsbo |
|
| 801 | 1 |
_aRU _bELAR _2rusmarc |
|
| 852 |
_aNLR _j88-4/24126 |
||
| 942 | _cBOOK | ||
| 980 | _aNB | ||